[Event "DVM U10 2023"]
[Site "Magdeburg GER"]
[Date "2023.12.29"]
[Round "7"]
[White "El-Issa, Erik"]
[Black "Cetinalp, Poyraz"]
[Result "1-0"]
[Termination "normal"]
[Board "12.3"]
[WhiteElo "1143"]
[BlackElo "1171"]
[WhiteClock "00:22:26"]
[BlackClock "00:16:49"]
[WhiteTeam "USV Potsdam"]
[BlackTeam "SV Dresden-Striesen 1990"]
[PlyCount "149"]
[BlackFideId "34671340"]
[EventCountry "GER"]
[EventRounds "7"]
[EventType "team-swiss"]
[EventDate "2023.12.27"]

1. e4 {[%clk 00:55:09]} e5 {[%clk 00:55:08]} {[%emt 00:00:02]} 2. Nf3 {[%clk
00:55:06]} {[%emt 00:00:08]} Nc6 {[%clk 00:55:11]} {[%emt 00:00:04]} 3. Nc3
{[%clk 00:55:01]} {[%emt 00:00:09]} Nf6 {[%clk 00:55:08]} {[%emt 00:00:07]} 4.
Bb5 {[%clk 00:54:59]} {[%emt 00:00:07]} Bb4 {[%clk 00:52:14]} {[%emt 00:02:59]}
5. d3 {[%clk 00:54:43]} {[%emt 00:00:21]} O-O {[%clk 00:52:02]} {[%emt
00:00:17]} 6. O-O {[%clk 00:54:39]} {[%emt 00:00:09]} d6 {[%clk 00:51:55]}
{[%emt 00:00:12]} 7. Bg5 {[%clk 00:54:38]} {[%emt 00:00:06]} Bxc3 {[%clk
00:51:25]} {[%emt 00:00:35]} 8. bxc3 {[%clk 00:54:36]} {[%emt 00:00:07]} Bg4
{[%clk 00:51:24]} {[%emt 00:00:06]} 9. h3 {[%clk 00:54:20]} {[%emt 00:00:22]}
Bh5 {[%clk 00:51:22]} {[%emt 00:00:07]} 10. Bxc6 {[%clk 00:54:01]} {[%emt
00:00:23]} bxc6 {[%clk 00:51:16]} {[%emt 00:00:11]} 11. Rb1 {[%clk 00:53:28]}
{[%emt 00:00:39]} Qe7 {[%clk 00:51:10]} {[%emt 00:00:11]} 12. Qe2 {[%clk
00:52:38]} {[%emt 00:00:54]} Qe6 {[%clk 00:50:48]} {[%emt 00:00:28]} 13. a3
{[%clk 00:52:06]} {[%emt 00:00:37]} Rab8 {[%clk 00:50:40]} {[%emt 00:00:12]}
14. Qe3 {[%clk 00:51:57]} {[%emt 00:00:14]} c5 {[%clk 00:50:06]} {[%emt
00:00:41]} 15. c4 {[%clk 00:51:00]} {[%emt 00:01:01]} h6 {[%clk 00:49:58]}
{[%emt 00:00:12]} 16. Bh4 {[%clk 00:50:31]} {[%emt 00:00:35]} Rb6 {[%clk
00:49:00]} {[%emt 00:01:03]} 17. Rb5 {[%clk 00:49:35]} {[%emt 00:01:01]} a6
{[%clk 00:48:37]} {[%emt 00:00:29]} 18. Rb3 {[%clk 00:49:28]} {[%emt 00:00:11]}
Nd7 {[%clk 00:46:52]} {[%emt 00:01:49]} 19. Nd2 {[%clk 00:49:01]} {[%emt
00:00:32]} Rfb8 {[%clk 00:46:07]} {[%emt 00:00:51]} 20. Rfb1 {[%clk 00:48:48]}
{[%emt 00:00:18]} Kh7 {[%clk 00:43:37]} {[%emt 00:02:34]} 21. Nf3 {[%clk
00:45:40]} {[%emt 00:03:14]} Bxf3 {[%clk 00:41:31]} {[%emt 00:02:11]} 22. Qxf3
{[%clk 00:45:17]} {[%emt 00:00:26]} g5 {[%clk 00:41:05]} {[%emt 00:00:33]} 23.
Bg3 {[%clk 00:45:03]} {[%emt 00:00:17]} Rf8 {[%clk 00:38:41]} {[%emt 00:02:30]}
24. h4 {[%clk 00:44:01]} {[%emt 00:01:06]} g4 {[%clk 00:38:32]} {[%emt
00:00:15]} 25. Qf5+ {[%clk 00:43:47]} {[%emt 00:00:19]} Qxf5 {[%clk 00:37:54]}
{[%emt 00:00:44]} 26. exf5 {[%clk 00:43:43]} {[%emt 00:00:09]} h5 {[%clk
00:37:50]} {[%emt 00:00:09]} 27. f4 {[%clk 00:43:14]} {[%emt 00:00:33]} f6
{[%clk 00:37:35]} {[%emt 00:00:21]} 28. Rf1 {[%clk 00:41:23]} {[%emt 00:01:55]}
a5 {[%clk 00:36:59]} {[%emt 00:00:41]} 29. a4 {[%emt 00:01:39]} Kh6 {[%clk
00:35:49]} {[%emt 00:00:49]} 30. fxe5 {[%clk 00:39:24]} {[%emt 00:00:56]} dxe5
{[%clk 00:35:32]} {[%emt 00:00:22]} 31. Bf2 {[%clk 00:38:59]} {[%emt 00:00:30]}
Rfb8 {[%clk 00:34:27]} {[%emt 00:01:10]} 32. Rfb1 {[%clk 00:37:42]} {[%emt
00:01:21]} Kh7 {[%clk 00:34:08]} {[%emt 00:00:25]} 33. Rb5 {[%clk 00:36:12]}
{[%emt 00:01:36]} Kg7 {[%clk 00:32:48]} {[%emt 00:01:23]} 34. Be1 {[%clk
00:35:52]} {[%emt 00:00:27]} Rxb5 {[%clk 00:31:46]} {[%emt 00:01:07]} 35. Rxb5
{[%clk 00:35:16]} {[%emt 00:00:40]} Rxb5 {[%clk 00:31:29]} {[%emt 00:00:22]}
36. cxb5 {[%clk 00:35:06]} {[%emt 00:00:16]} Nb6 {[%clk 00:30:51]} {[%emt
00:00:43]} 37. c4 {[%clk 00:33:50]} {[%emt 00:01:20]} Kf7 {[%clk 00:30:31]}
{[%emt 00:00:25]} 38. Bxa5 {[%clk 00:33:48]} {[%emt 00:00:08]} Ke7 {[%clk
00:30:25]} {[%emt 00:00:10]} 39. Bxb6 {[%clk 00:33:14]} {[%emt 00:00:39]} cxb6
{[%clk 00:30:24]} {[%emt 00:00:07]} 40. Kf2 {[%clk 00:32:51]} {[%emt 00:00:28]}
Kd6 {[%clk 00:29:41]} {[%emt 00:00:48]} 41. Ke2 {[%clk 00:32:07]} {[%emt
00:00:48]} Kd7 {[%clk 00:29:13]} {[%emt 00:00:33]} 42. Ke3 {[%clk 00:32:02]}
{[%emt 00:00:10]} Kc7 {[%clk 00:29:02]} {[%emt 00:00:16]} 43. Ke4 {[%clk
00:31:32]} {[%emt 00:00:35]} Kd6 {[%clk 00:28:52]} {[%emt 00:00:16]} 44. Ke3
{[%clk 00:30:16]} {[%emt 00:01:20]} Kc7 {[%clk 00:28:44]} {[%emt 00:00:13]} 45.
Ke4 {[%clk 00:29:59]} {[%emt 00:00:23]} Kd6 {[%clk 00:28:43]} {[%emt 00:00:06]}
46. Ke3 {[%clk 00:29:54]} {[%emt 00:00:10]} Kd7 {[%clk 00:28:43]} {[%emt
00:00:05]} 47. Ke4 {[%clk 00:29:50]} {[%emt 00:00:08]} Kd6 {[%clk 00:28:42]}
{[%emt 00:00:07]} 48. Ke3 {[%clk 00:29:37]} {[%emt 00:00:18]} Ke7 {[%clk
00:28:40]} {[%emt 00:00:06]} 49. Kd2 {[%clk 00:29:19]} {[%emt 00:00:24]} Kd6
{[%clk 00:28:28]} {[%emt 00:00:16]} 50. Kc3 {[%clk 00:29:14]} {[%emt 00:00:10]}
Kc7 {[%clk 00:27:37]} {[%emt 00:00:57]} 51. Kb3 {[%clk 00:29:06]} {[%emt
00:00:13]} Kd6 {[%clk 00:27:26]} {[%emt 00:00:16]} 52. a5 {[%clk 00:28:20]}
{[%emt 00:00:51]} Kc7 {[%clk 00:24:34]} {[%emt 00:02:56]} 53. a6 {[%clk
00:28:04]} {[%emt 00:00:21]} Kb8 {[%clk 00:24:18]} {[%emt 00:00:22]} 54. Kc2
{[%clk 00:28:01]} {[%emt 00:00:07]} Ka7 {[%clk 00:22:20]} {[%emt 00:02:03]} 55.
Kd2 {[%clk 00:27:32]} {[%emt 00:00:32]} Kb8 {[%clk 00:22:14]} {[%emt 00:00:14]}
56. Ke3 {[%clk 00:27:27]} {[%emt 00:00:09]} Ka8 {[%clk 00:19:10]} {[%emt
00:03:09]} 57. Ke4 {[%clk 00:26:40]} {[%emt 00:00:51]} Kb8 {[%clk 00:18:45]}
{[%emt 00:00:31]} 58. Kd5 {[%clk 00:26:22]} {[%emt 00:00:15]} Ka8 {[%clk
00:18:48]} {[%emt 00:00:11]} 59. Kc6 {[%clk 00:26:05]} {[%emt 00:00:20]} Ka7
{[%clk 00:18:32]} {[%emt 00:00:22]} 60. Kc7 {[%clk 00:25:50]} {[%emt 00:00:20]}
Ka8 {[%clk 00:18:30]} {[%emt 00:00:08]} 61. Kxb6 {[%clk 00:25:37]} {[%emt
00:00:59]} Kb8 {[%clk 00:18:30]} {[%emt 00:00:06]} 62. Kxc5 {[%clk 00:25:26]}
{[%emt 00:00:16]} Ka8 {[%clk 00:18:23]} {[%emt 00:00:12]} 63. Kd6 {[%clk
00:24:58]} {[%emt 00:00:32]} Ka7 {[%clk 00:18:19]} {[%emt 00:00:10]} 64. Ke6
{[%clk 00:24:51]} {[%emt 00:00:11]} Ka8 {[%clk 00:18:18]} {[%emt 00:00:07]} 65.
Kxf6 {[%clk 00:24:47]} {[%emt 00:00:08]} Ka7 {[%clk 00:17:09]} {[%emt
00:01:15]} 66. Kxe5 {[%emt 00:00:42]} Ka8 {[%emt 00:00:06]} 67. d4 {[%clk
00:23:48]} {[%emt 00:00:15]} g3 {[%clk 00:17:08]} {[%emt 00:00:07]} 68. f6
{[%clk 00:23:44]} {[%emt 00:00:08]} Ka7 {[%clk 00:17:11]} {[%emt 00:00:03]} 69.
f7 {[%clk 00:23:38]} {[%emt 00:00:11]} Kb6 {[%clk 00:17:07]} {[%emt 00:00:09]}
70. f8=Q {[%clk 00:23:32]} {[%emt 00:00:11]} Ka5 {[%emt 00:00:05]} 71. Qa3+
{[%clk 00:23:11]} {[%emt 00:00:24]} Kb6 {[%emt 00:00:06]} 72. Kd6 {[%clk
00:22:52]} {[%emt 00:00:22]} Ka7 {[%clk 00:17:05]} {[%emt 00:00:11]} 73. b6+
{[%clk 00:22:49]} {[%emt 00:00:08]} Ka8 {[%clk 00:16:46]} {[%emt 00:00:23]} 74.
Kc6 {[%clk 00:22:41]} {[%emt 00:00:10]} Kb8 {[%clk 00:16:49]} {[%emt 00:00:06]}
75. Qf8# {[%clk 00:22:26]} {[%emt 00:00:13]} 1-0

[Event "DVM U10 2023"]
[Site "Magdeburg GER"]
[Date "2023.12.29"]
[Round "7"]
[White "Ma, Yan"]
[Black "Rauschel, Marten"]
[Result "1-0"]
[Termination "normal"]
[Board "13.1"]
[WhiteElo "1353"]
[BlackElo "1039"]
[WhiteClock "00:25:33"]
[BlackClock "00:27:41"]
[WhiteTeam "SV Dresden-Leuben"]
[BlackTeam "SC Aurich"]
[PlyCount "71"]
[BlackFideId "34640010"]
[EventCountry "GER"]
[EventRounds "7"]
[EventType "team-swiss"]
[EventDate "2023.12.27"]

1. e4 {[%clk 00:55:09]} c5 {[%clk 00:54:57]} {[%emt 00:00:14]} 2. Nf3 {[%clk
00:55:09]} {[%emt 00:00:05]} Nc6 {[%clk 00:54:53]} {[%emt 00:00:08]} 3. d4
{[%clk 00:55:07]} {[%emt 00:00:08]} cxd4 {[%clk 00:54:48]} {[%emt 00:00:09]} 4.
Nxd4 {[%clk 00:55:06]} {[%emt 00:00:06]} g6 {[%clk 00:54:45]} {[%emt 00:00:08]}
5. Nc3 {[%clk 00:54:45]} {[%emt 00:00:27]} Bg7 {[%clk 00:54:39]} {[%emt
00:00:10]} 6. Be3 {[%clk 00:54:39]} {[%emt 00:00:11]} Nf6 {[%clk 00:54:20]}
{[%emt 00:00:25]} 7. Bc4 {[%clk 00:54:15]} {[%emt 00:00:27]} O-O {[%clk
00:54:12]} {[%emt 00:00:13]} 8. O-O {[%clk 00:54:11]} {[%emt 00:00:10]} d6
{[%clk 00:53:41]} {[%emt 00:00:37]} 9. Re1 {[%clk 00:53:45]} {[%emt 00:00:31]}
Bd7 {[%emt 00:00:42]} 10. h3 {[%clk 00:53:21]} {[%emt 00:00:27]} a6 {[%clk
00:52:54]} {[%emt 00:00:17]} 11. a4 {[%clk 00:53:14]} {[%emt 00:00:11]} Qc8
{[%clk 00:51:36]} {[%emt 00:01:22]} 12. Bb3 {[%clk 00:52:46]} {[%emt 00:00:34]}
Bxh3 {[%clk 00:48:34]} {[%emt 00:03:07]} 13. gxh3 {[%clk 00:52:02]} {[%emt
00:00:50]} Qxh3 {[%clk 00:48:31]} {[%emt 00:00:07]} 14. Qf3 {[%clk 00:52:00]}
{[%emt 00:00:08]} Qg4+ {[%clk 00:47:18]} {[%emt 00:01:16]} 15. Qxg4 {[%clk
00:51:52]} {[%emt 00:00:14]} Nxg4 {[%clk 00:47:16]} {[%emt 00:00:07]} 16. Nxc6
{[%clk 00:51:23]} {[%emt 00:00:34]} bxc6 {[%clk 00:46:49]} {[%emt 00:00:31]}
17. f3 {[%clk 00:50:33]} {[%emt 00:00:57]} Ne5 {[%clk 00:46:24]} {[%emt
00:00:27]} 18. Kf2 {[%clk 00:50:24]} {[%emt 00:00:16]} Bf6 {[%clk 00:46:14]}
{[%emt 00:00:14]} 19. Rh1 {[%clk 00:50:04]} {[%emt 00:00:25]} c5 {[%clk
00:45:02]} {[%emt 00:01:18]} 20. Bh6 {[%clk 00:46:11]} {[%emt 00:03:57]} Rfc8
{[%clk 00:44:35]} {[%emt 00:00:31]} 21. Nd5 {[%clk 00:45:50]} {[%emt 00:00:29]}
Rab8 {[%clk 00:43:57]} {[%emt 00:00:39]} 22. Rab1 {[%clk 00:44:48]} {[%emt
00:01:10]} e6 {[%clk 00:43:41]} {[%emt 00:00:21]} 23. Nxf6+ {[%clk 00:44:44]}
{[%emt 00:00:09]} Kh8 {[%clk 00:43:17]} {[%emt 00:00:28]} 24. Rhg1 {[%clk
00:41:03]} {[%emt 00:03:47]} Ra8 {[%clk 00:43:13]} {[%emt 00:00:07]} 25. Rbd1
{[%clk 00:38:44]} {[%emt 00:02:26]} c4 {[%clk 00:43:04]} {[%emt 00:00:15]} 26.
Ba2 {[%clk 00:38:31]} {[%emt 00:00:17]} c3 {[%clk 00:42:51]} {[%emt 00:00:18]}
27. b3 {[%clk 00:35:08]} {[%emt 00:03:29]} Rd8 {[%clk 00:41:23]} {[%emt
00:01:31]} 28. Rh1 {[%clk 00:34:23]} {[%emt 00:00:51]} Nc6 {[%clk 00:37:59]}
{[%emt 00:03:27]} 29. Bf8 {[%clk 00:34:14]} {[%emt 00:00:16]} h5 {[%clk
00:37:16]} {[%emt 00:00:47]} 30. Bxd6 {[%clk 00:33:30]} {[%emt 00:00:50]} Kg7
{[%clk 00:36:44]} {[%emt 00:00:33]} 31. e5 {[%clk 00:32:23]} {[%emt 00:01:16]}
Kh6 {[%clk 00:34:56]} {[%emt 00:01:50]} 32. Rdg1 {[%clk 00:26:51]} {[%emt
00:05:40]} Nd4 {[%clk 00:34:06]} {[%emt 00:00:52]} 33. Bb1 {[%clk 00:26:09]}
{[%emt 00:00:50]} Kg7 {[%clk 00:28:46]} {[%emt 00:05:23]} 34. Nxh5+ {[%clk
00:25:59]} {[%emt 00:00:17]} Kg8 {[%clk 00:27:45]} {[%emt 00:01:04]} 35. Nf6+
{[%clk 00:25:41]} {[%emt 00:00:25]} Kg7 {[%clk 00:27:41]} {[%emt 00:00:09]} 36.
Rh7# {[%clk 00:25:33]} {[%emt 00:00:08]} 1-0

[Event "DVM U10 2023"]
[Site "Magdeburg GER"]
[Date "2023.12.29"]
[Round "7"]
[White "Meyer, Lönne"]
[Black "Poladli, Firuz"]
[Result "0-1"]
[Termination "normal"]
[Board "13.2"]
[WhiteElo "1057"]
[BlackElo "1030"]
[WhiteClock "00:13:21"]
[BlackClock "00:08:25"]
[WhiteTeam "SC Aurich"]
[BlackTeam "SV Dresden-Leuben"]
[PlyCount "122"]
[WhiteFideId "34674241"]
[EventCountry "GER"]
[EventRounds "7"]
[EventType "team-swiss"]
[EventDate "2023.12.27"]

1. d4 {[%clk 00:55:08]} {[%emt 00:00:02]} d5 {[%clk 00:55:05]} {[%emt
00:00:06]} 2. Nc3 {[%clk 00:54:59]} {[%emt 00:00:13]} Bf5 {[%clk 00:55:01]}
{[%emt 00:00:10]} 3. Bf4 {[%clk 00:54:44]} {[%emt 00:00:20]} Nc6 {[%clk
00:54:52]} {[%emt 00:00:14]} 4. Nb5 {[%clk 00:54:24]} {[%emt 00:00:25]} e5
{[%clk 00:54:09]} {[%emt 00:00:47]} 5. dxe5 {[%clk 00:54:20]} {[%emt 00:00:09]}
a6 {[%clk 00:53:49]} {[%emt 00:00:27]} 6. Nc3 {[%clk 00:54:08]} {[%emt
00:00:16]} Bc5 {[%clk 00:52:39]} {[%emt 00:01:13]} 7. a3 {[%clk 00:52:02]}
{[%emt 00:02:13]} Nge7 {[%clk 00:52:16]} {[%emt 00:00:29]} 8. Nf3 {[%clk
00:51:12]} {[%emt 00:00:55]} h6 {[%clk 00:51:45]} {[%emt 00:00:35]} 9. e3
{[%clk 00:49:31]} {[%emt 00:01:45]} Ng6 {[%clk 00:51:14]} {[%emt 00:00:36]} 10.
Bg3 {[%clk 00:49:24]} {[%emt 00:00:10]} O-O {[%clk 00:50:31]} {[%emt 00:00:49]}
11. Bd3 {[%clk 00:47:37]} {[%emt 00:01:52]} Bg4 {[%clk 00:50:25]} {[%emt
00:00:10]} 12. Bxg6 {[%clk 00:46:50]} {[%emt 00:00:54]} fxg6 {[%clk 00:50:06]}
{[%emt 00:00:24]} 13. h3 {[%clk 00:46:25]} {[%emt 00:00:30]} Bxf3 {[%clk
00:50:04]} {[%emt 00:00:09]} 14. gxf3 {[%clk 00:46:15]} {[%emt 00:00:14]} Qd7
{[%clk 00:48:51]} {[%emt 00:01:14]} 15. Nxd5 {[%clk 00:45:18]} {[%emt
00:01:06]} Rad8 {[%clk 00:48:02]} {[%emt 00:00:49]} 16. e4 {[%clk 00:44:59]}
{[%emt 00:00:29]} Rfe8 {[%clk 00:47:29]} {[%emt 00:00:37]} 17. h4 {[%clk
00:44:15]} {[%emt 00:00:49]} Nxe5 {[%clk 00:47:00]} {[%emt 00:00:34]} 18. Qe2
{[%clk 00:39:18]} {[%emt 00:05:02]} Qf7 {[%clk 00:46:50]} {[%emt 00:00:07]} 19.
f4 {[%clk 00:38:29]} {[%emt 00:01:01]} Rxd5 {[%clk 00:42:34]} {[%emt 00:04:21]}
20. fxe5 {[%clk 00:37:50]} {[%emt 00:00:45]} Rdd8 {[%clk 00:41:42]} {[%emt
00:00:54]} 21. h5 {[%clk 00:33:43]} {[%emt 00:04:15]} g5 {[%clk 00:40:55]}
{[%emt 00:00:52]} 22. Qg4 {[%clk 00:32:04]} {[%emt 00:01:43]} Bd4 {[%clk
00:40:24]} {[%emt 00:00:36]} 23. Rd1 {[%clk 00:30:46]} {[%emt 00:01:25]} Bxb2
{[%clk 00:39:19]} {[%emt 00:01:09]} 24. Rxd8 {[%clk 00:30:25]} {[%emt
00:00:26]} Rxd8 {[%clk 00:37:44]} {[%emt 00:01:38]} 25. e6 {[%clk 00:30:17]}
{[%emt 00:00:15]} Qe7 {[%clk 00:36:43]} {[%emt 00:01:02]} 26. O-O {[%clk
00:29:57]} {[%emt 00:00:30]} Bxa3 {[%clk 00:35:55]} {[%emt 00:00:52]} 27. Qf3
{[%clk 00:29:25]} {[%emt 00:00:36]} Rf8 {[%clk 00:35:07]} {[%emt 00:00:45]} 28.
Qc3 {[%clk 00:28:58]} {[%emt 00:00:41]} Bd6 {[%clk 00:34:14]} {[%emt 00:00:56]}
29. e5 {[%clk 00:28:43]} {[%emt 00:00:21]} Bc5 {[%clk 00:33:07]} {[%emt
00:01:07]} 30. Qb3 {[%clk 00:28:15]} {[%emt 00:00:37]} Bb6 {[%clk 00:32:22]}
{[%emt 00:00:52]} 31. c4 {[%clk 00:26:25]} {[%emt 00:01:55]} Qxe6 {[%clk
00:31:13]} {[%emt 00:01:15]} 32. Kg2 {[%clk 00:25:31]} {[%emt 00:00:58]} Kh8
{[%clk 00:30:13]} {[%emt 00:01:05]} 33. Qb4 {[%clk 00:25:02]} {[%emt 00:00:34]}
Qf7 {[%clk 00:28:46]} {[%emt 00:01:23]} 34. e6 {[%clk 00:24:08]} {[%emt
00:01:09]} Qf3+ {[%clk 00:28:36]} {[%emt 00:00:12]} 35. Kh2 {[%clk 00:23:38]}
{[%emt 00:00:34]} Qxh5+ {[%clk 00:27:28]} {[%emt 00:01:14]} 36. Kg2 {[%clk
00:23:31]} {[%emt 00:00:13]} Qf3+ {[%clk 00:26:11]} {[%emt 00:01:22]} 37. Kh2
{[%clk 00:23:30]} {[%emt 00:00:08]} Re8 {[%clk 00:24:54]} {[%emt 00:01:12]} 38.
Qe1 {[%clk 00:22:43]} {[%emt 00:00:57]} Qc6 {[%clk 00:23:41]} {[%emt 00:01:12]}
39. e7 {[%clk 00:22:07]} {[%emt 00:00:51]} Bc5 {[%clk 00:22:09]} {[%emt
00:01:37]} 40. Qe5 {[%clk 00:21:28]} {[%emt 00:00:44]} Rxe7 {[%clk 00:21:42]}
{[%emt 00:00:32]} 41. Qf5 {[%clk 00:21:19]} {[%emt 00:00:13]} Re8 {[%clk
00:20:26]} {[%emt 00:01:21]} 42. Qc2 {[%clk 00:20:23]} {[%emt 00:01:02]} Bd6
{[%clk 00:19:31]} {[%emt 00:01:00]} 43. Qd3 {[%clk 00:19:18]} {[%emt 00:01:09]}
Bxg3+ {[%clk 00:18:43]} {[%emt 00:00:54]} 44. fxg3 {[%clk 00:19:16]} {[%emt
00:00:07]} Ra8 {[%clk 00:18:02]} {[%emt 00:00:42]} 45. Qb3 {[%clk 00:18:21]}
{[%emt 00:01:04]} a5 {[%clk 00:17:44]} {[%emt 00:00:17]} 46. Qa3 {[%clk
00:17:51]} {[%emt 00:00:42]} Qxc4 {[%emt 00:01:43]} 47. Rf8+ {[%clk 00:17:23]}
Rxf8 {[%clk 00:16:27]} {[%emt 00:00:17]} 48. Qxf8+ {[%clk 00:17:22]} {[%emt
00:00:06]} Qg8 {[%clk 00:16:11]} {[%emt 00:00:18]} 49. Qc5 {[%clk 00:17:07]}
{[%emt 00:00:21]} Qa2+ {[%clk 00:15:28]} {[%emt 00:00:46]} 50. Kh3 {[%clk
00:17:01]} {[%emt 00:00:10]} c6 {[%clk 00:14:45]} {[%emt 00:00:50]} 51. Qf8+
{[%clk 00:16:55]} {[%emt 00:00:13]} Qg8 {[%clk 00:14:32]} {[%emt 00:00:17]} 52.
Qa3 {[%clk 00:16:51]} {[%emt 00:00:10]} b6 {[%clk 00:13:46]} {[%emt 00:00:51]}
53. Qc3 {[%clk 00:15:17]} {[%emt 00:01:39]} Qa8 {[%clk 00:13:15]} {[%emt
00:00:33]} 54. Kg4 {[%clk 00:14:56]} {[%emt 00:00:30]} Qc8+ {[%clk 00:11:58]}
{[%emt 00:01:20]} 55. Kh5 {[%clk 00:14:53]} {[%emt 00:00:09]} Qe8+ {[%clk
00:11:47]} {[%emt 00:00:13]} 56. Kg4 {[%clk 00:14:53]} {[%emt 00:00:08]} a4
{[%clk 00:10:19]} {[%emt 00:01:31]} 57. Qb4 {[%clk 00:14:38]} {[%emt 00:00:21]}
b5 {[%clk 00:10:00]} {[%emt 00:00:25]} 58. Qc5 {[%clk 00:14:11]} {[%emt
00:00:29]} Qe6+ {[%clk 00:09:30]} {[%emt 00:00:34]} 59. Kh5 {[%clk 00:14:03]}
{[%emt 00:00:15]} Kh7 {[%clk 00:08:40]} {[%emt 00:00:57]} 60. Qc2+ {[%clk
00:13:43]} {[%emt 00:00:26]} g6+ {[%clk 00:08:28]} {[%emt 00:00:17]} 61. Qxg6+
{[%clk 00:13:21]} {[%emt 00:00:33]} Qxg6+ {[%clk 00:08:25]} {[%emt 00:00:08]}
0-1

[Event "DVM U10 2023"]
[Site "Magdeburg GER"]
[Date "2023.12.29"]
[Round "7"]
[White "Naumann, Julian"]
[Black "Wilting, Oskar"]
[Result "0-1"]
[Termination "normal"]
[Board "13.3"]
[WhiteElo "1021"]
[BlackElo "1161"]
[WhiteClock "00:32:32"]
[BlackClock "00:30:03"]
[WhiteTeam "SV Dresden-Leuben"]
[BlackTeam "SC Aurich"]
[PlyCount "94"]
[BlackFideId "34640053"]
[EventCountry "GER"]
[EventRounds "7"]
[EventType "team-swiss"]
[EventDate "2023.12.27"]

1. c4 {[%clk 00:55:09]} c5 {[%clk 00:55:01]} {[%emt 00:00:10]} 2. Nc3 {[%clk
00:55:09]} {[%emt 00:00:05]} Nc6 {[%clk 00:54:58]} {[%emt 00:00:07]} 3. e3
{[%clk 00:55:08]} {[%emt 00:00:07]} e6 {[%clk 00:54:53]} {[%emt 00:00:10]} 4.
Nge2 {[%clk 00:55:03]} {[%emt 00:00:08]} a6 {[%clk 00:54:35]} {[%emt 00:00:24]}
5. b3 {[%clk 00:54:56]} {[%emt 00:00:13]} Nf6 {[%clk 00:53:44]} {[%emt
00:00:56]} 6. g3 {[%clk 00:54:45]} {[%emt 00:00:16]} b6 {[%clk 00:53:17]}
{[%emt 00:00:32]} 7. Bg2 {[%clk 00:54:44]} {[%emt 00:00:06]} Bb7 {[%clk
00:53:13]} {[%emt 00:00:08]} 8. O-O {[%clk 00:54:28]} {[%emt 00:00:22]} d6
{[%clk 00:52:31]} {[%emt 00:00:47]} 9. Bb2 {[%clk 00:53:58]} {[%emt 00:00:35]}
Qc7 {[%clk 00:52:16]} {[%emt 00:00:19]} 10. Qc2 {[%clk 00:53:54]} {[%emt
00:00:09]} Be7 {[%clk 00:52:00]} {[%emt 00:00:21]} 11. Rad1 {[%clk 00:53:53]}
{[%emt 00:00:07]} Nb4 {[%clk 00:50:45]} {[%emt 00:01:20]} 12. Qb1 {[%clk
00:53:20]} {[%emt 00:00:38]} Bxg2 {[%clk 00:50:33]} {[%emt 00:00:16]} 13. Kxg2
{[%clk 00:53:19]} {[%emt 00:00:06]} Qb7+ {[%clk 00:50:24]} {[%emt 00:00:14]}
14. Kg1 {[%clk 00:53:17]} {[%emt 00:00:07]} O-O {[%clk 00:50:10]} {[%emt
00:00:20]} 15. a3 {[%clk 00:53:17]} {[%emt 00:00:05]} Nc6 {[%clk 00:49:38]}
{[%emt 00:00:36]} 16. d4 {[%clk 00:52:41]} {[%emt 00:00:43]} Rfd8 {[%clk
00:48:23]} {[%emt 00:01:19]} 17. d5 {[%clk 00:49:31]} {[%emt 00:03:15]} exd5
{[%clk 00:47:04]} {[%emt 00:01:24]} 18. Nxd5 {[%clk 00:49:15]} {[%emt
00:00:21]} Nxd5 {[%clk 00:46:50]} {[%emt 00:00:18]} 19. Rxd5 {[%clk 00:49:17]}
{[%emt 00:00:03]} b5 {[%clk 00:44:50]} {[%emt 00:02:06]} 20. cxb5 {[%clk
00:46:13]} {[%emt 00:03:09]} Nd4 {[%clk 00:41:27]} {[%emt 00:03:28]} 21. Nc3
{[%clk 00:44:35]} {[%emt 00:01:43]} Nf3+ {[%clk 00:40:14]} {[%emt 00:01:17]}
22. Kg2 {[%clk 00:43:52]} {[%emt 00:00:46]} Nd2 {[%clk 00:40:05]} {[%emt
00:00:16]} 23. Kg1 {[%clk 00:43:56]} {[%emt 00:00:02]} Nxb1 {[%clk 00:39:58]}
{[%emt 00:00:13]} 24. Rxb1 {[%clk 00:43:58]} {[%emt 00:00:01]} Bf6 {[%clk
00:39:46]} {[%emt 00:00:17]} 25. Rbd1 {[%clk 00:42:59]} {[%emt 00:01:04]} Bxc3
{[%clk 00:39:21]} {[%emt 00:00:30]} 26. Bxc3 {[%clk 00:41:37]} {[%emt
00:01:28]} axb5 {[%clk 00:39:13]} {[%emt 00:00:12]} 27. h3 {[%clk 00:40:45]}
{[%emt 00:00:57]} Rxa3 {[%clk 00:38:52]} {[%emt 00:00:26]} 28. Rxc5 {[%clk
00:40:17]} {[%emt 00:00:33]} Rxb3 {[%clk 00:38:25]} {[%emt 00:00:32]} 29. Be5
{[%clk 00:40:02]} {[%emt 00:00:20]} Qb8 {[%clk 00:37:09]} {[%emt 00:01:22]} 30.
Rcd5 {[%clk 00:39:37]} {[%emt 00:00:29]} h6 {[%clk 00:35:47]} {[%emt 00:01:28]}
31. Bxd6 {[%clk 00:39:01]} {[%emt 00:00:40]} Qb6 {[%clk 00:35:29]} {[%emt
00:00:23]} 32. Bc5 {[%clk 00:37:53]} {[%emt 00:01:13]} Rxd5 {[%clk 00:35:10]}
{[%emt 00:00:25]} 33. Rxd5 {[%clk 00:37:37]} {[%emt 00:00:20]} Rb1+ {[%clk
00:35:01]} {[%emt 00:00:15]} 34. Kg2 {[%clk 00:37:25]} {[%emt 00:00:15]} Qc6
{[%clk 00:34:57]} {[%emt 00:00:10]} 35. e4 {[%clk 00:36:33]} {[%emt 00:02:41]}
Rc1 {[%clk 00:34:24]} {[%emt 00:00:37]} 36. Be3 {[%clk 00:36:23]} {[%emt
00:00:14]} Qe6 {[%clk 00:33:58]} {[%emt 00:00:32]} 37. Kf3 {[%clk 00:35:03]}
{[%emt 00:01:24]} Rc4 {[%clk 00:33:24]} {[%emt 00:00:39]} 38. Rd4 {[%clk
00:34:45]} {[%emt 00:00:25]} Rxd4 {[%clk 00:33:03]} {[%emt 00:00:24]} 39. Bxd4
{[%clk 00:34:43]} {[%emt 00:00:07]} b4 {[%clk 00:32:40]} {[%emt 00:00:29]} 40.
Ke3 {[%clk 00:34:23]} {[%emt 00:00:25]} Qb3+ {[%clk 00:32:29]} {[%emt
00:00:15]} 41. Kf4 {[%clk 00:34:14]} {[%emt 00:00:12]} Qc2 {[%clk 00:32:15]}
{[%emt 00:00:21]} 42. f3 {[%clk 00:33:47]} {[%emt 00:00:31]} b3 {[%clk
00:31:58]} {[%emt 00:00:24]} 43. g4 {[%clk 00:33:36]} {[%emt 00:00:16]} f6
{[%clk 00:31:46]} {[%emt 00:00:17]} 44. h4 {[%clk 00:33:25]} {[%emt 00:00:15]}
Qd2+ {[%clk 00:31:46]} {[%emt 00:00:06]} 45. Be3 {[%clk 00:32:56]} {[%emt
00:00:33]} Qd6+ {[%clk 00:31:18]} {[%emt 00:00:33]} 46. Kf5 {[%clk 00:32:43]}
{[%emt 00:00:19]} b2 {[%clk 00:30:34]} {[%emt 00:00:49]} 47. f4 {[%clk
00:32:32]} {[%emt 00:00:14]} b1=Q {[%clk 00:30:03]} {[%emt 00:00:38]} 0-1